Interaktívna a dynamická grafika v jazyku R
Saved in:
| Main Author: | |
|---|---|
| Format: | Book Chapter |
| Language: | Slovak |
| Subjects: | |
| Tags: |
No Tags, Be the first to tag this record!
|
MARC
| LEADER | 00000naa$a2200000$$$4500 | ||
|---|---|---|---|
| 001 | 0305440 | ||
| 005 | 20241205093909.9 | ||
| 041 | 0 | |a slo | |
| 044 | |a SK | ||
| 245 | 1 | 0 | |a Interaktívna a dynamická grafika v jazyku R |c Michal Páleš |
| 500 | |a Abstrakt | ||
| 610 | 2 | 0 | |a jazyky programovacie |
| 610 | 2 | 0 | |a dáta |
| 610 | 2 | 0 | |a aplikácie mobilné |
| 610 | 2 | 0 | |a grafika počítačová |
| 100 | 1 | |a Páleš, Michal, 1984- | |